000 00534 a2200157 4500
003 Nust
005 20170207154214.0
040 _cNust
082 _a378.4
245 _aAston Universith Birmingham
_bAston Universith Birmingham
260 _a Birmingham
_bAston Universith Birmingham
_c2001
300 _a156 p.
505 _aWelcome to Aston (page-5) Life at Aston (page-10) Degree Programmes (page-34) Further Information (page-142) A-Z of Degree Programmes (page-153)
538 _aAlmirah No. 117 Shelf No. 2
650 _aUG Prospectus
942 _2ddc
_cBK
999 _c195007
_d195007